000 00262nam a22001097a 4500
082 _a320
100 _aNafang, S. c.
_979542
245 _aThe Politics of International Cooperation
260 _aDelhi
_bShilha Pra
_c2017
650 _aPolitics
_979543
942 _cBK
999 _c63186
_d63186